000 00233 a2200097 4500
001 121179
040 _cEscola Canadense de Niteroi
090 _aEstes itens se encontram na sala da Diretora Yara.
245 1 0 _aChapéus
942 _cMATP
999 _c121179
_d121179